书目信息 |
| 题名: |
自酿葡萄酒入门指南
|
|
| 作者: | 斯塔尔 著 ;孙立新 , 赵兰 译 | |
| 分册: | ||
| 出版信息: | 北京 中国轻工业出版社 2017 |
|
| 页数: | 170页 | |
| 开本: | 24cm | |
| 丛书名: | ||
| 单 册: | ||
| 中图分类: | TS261.61-62 | |
| 科图分类: | ||
| 主题词: | 葡萄酒--Pu Tao Jiu--酿酒--指南 | |
| 电子资源: | ||
| ISBN: | 978-7-5184-1530-4 | |
| 000 | 01369nam0 2200289 450 | |
| 001 | 012001005209 | |
| 005 | 20140101151035.0 | |
| 010 | @a978-7-5184-1530-4@dCNY88.00 | |
| 099 | @aCAL 012017159033 | |
| 100 | @a20171108d2017 em y0chiy50 ea | |
| 101 | 1 | @achi@ceng |
| 102 | @aCN@b110000 | |
| 105 | @aa z 000yy | |
| 106 | @ar | |
| 200 | 1 | @a自酿葡萄酒入门指南@AZi Niang Pu Tao Jiu Ru Men Zhi Nan@e葡萄、水果及植物酿酒的工艺和配方@d= Making your own wine at home@ecreative recipes for making grape, fruit and herb wines@f(美)罗里·斯塔尔(LorI Stahl)著@g孙立新,赵兰译@zeng |
| 210 | @a北京@c中国轻工业出版社@d2017 | |
| 215 | @a170页@c彩图@d24cm | |
| 330 | @a本书的主要内容包括酿酒前的准备工作,包括设备、原料、技术、装瓶、存储和标签的准备和制作;酿酒的步骤,包括酿酒套装酿酒和浓缩液酿酒;葡萄、水果和植物酿酒的工艺和配方包括葡萄酒、杏仁酒、苹果酒等;以及如何享受美酒。 | |
| 510 | 1 | @aMaking your own wine at home@ecreative recipes for making grape, fruit and herb wines@zeng |
| 517 | 1 | @a葡萄、水果及植物酿酒的工艺和配方@Apu tao、shui guo ji zhi wu niang jiu de gong yi he pei fang |
| 606 | 0 | @a葡萄酒@APu Tao Jiu@x酿酒@x指南 |
| 690 | @aTS261.61-62@v5 | |
| 701 | 1 | @a斯塔尔@ASi Ta Er@g(LorI Stahl)@4著 |
| 702 | 0 | @a孙立新@ASun Li Xin@4译 |
| 702 | 0 | @a赵兰@AZhao Lan@4译 |
| 801 | 2 | @aCN@b江苏凤凰@c20191020 |
| 905 | @b1207741-4@dTS261.61-62@e353@f4 | |
| 自酿葡萄酒入门指南:葡萄、水果及植物酿酒的工艺和配方= Making your own wine at home:creative recipes for making grape, fruit and herb wines/(美)罗里·斯塔尔(LorI Stahl)著/孙立新,赵兰译.-北京:中国轻工业出版社,2017 |
| 170页:彩图;24cm |
| ISBN 978-7-5184-1530-4:CNY88.00 |
| 本书的主要内容包括酿酒前的准备工作,包括设备、原料、技术、装瓶、存储和标签的准备和制作;酿酒的步骤,包括酿酒套装酿酒和浓缩液酿酒;葡萄、水果和植物酿酒的工艺和配方包括葡萄酒、杏仁酒、苹果酒等;以及如何享受美酒。 |
| ● |
| 相关链接 |
|
|
|
|
正题名:自酿葡萄酒入门指南
索取号:TS261.61-62/353
 
预约/预借
| 序号 | 登录号 | 条形码 | 馆藏地/架位号 | 状态 | 备注 |
| 1 | 1207741 | 212077410 | 第二样本阅览室/ [索取号:TS261.61-62/353] | 在馆 | |
| 2 | 1207742 | 212077429 | 第三借阅区/ [索取号:TS261.61-62/353] | 在馆 | |
| 3 | 1207743 | 212077438 | 第三借阅区/ [索取号:TS261.61-62/353] | 在馆 | |
| 4 | 1207744 | 212077447 | 第三借阅区/ [索取号:TS261.61-62/353] | 在馆 |